Arazi Marazi (Record no. 2871)

000 -LEADER
fixed length control field 01373nam a2200385 i 4500
008 - FIXED-LENGTH DATA ELEMENTS--GENERAL INFORMATION
fixed length control field 161202t20022002tu a b 000 | tur d
020 ## - INTERNATIONAL STANDARD BOOK NUMBER
International Standard Book Number 9755701613
041 ## - LANGUAGE CODE
Language code of text/sound track or separate title Türkçe
050 ## - LIBRARY OF CONGRESS CALL NUMBER
Classification number PL248.E35765
100 1# - MAIN ENTRY--PERSONAL NAME
Personal name Ekici, Armağan.
245 10 - TITLE STATEMENT
Title Arazi Marazi
Statement of responsibility, etc. Armağan Ekici, Enis Batur, Levent Şentürk, Levent Yılmaz, Nuri Sağlam, Oğuz Demiralp, Selehattin Özpalabıyıklar ; kapak tasarım Nahide Dikel.
250 ## - EDITION STATEMENT
Edition statement Birinci Baskı: Mayıs 2002.
260 ## - PUBLICATION, DISTRIBUTION, ETC.
Place of publication, distribution, etc. İstanbul:
Name of publisher, distributor, etc. Sel Yayıncılık,
Date of publication, distribution, etc. Mayıs 2002
300 ## - PHYSICAL DESCRIPTION
Extent 99 Sayfa :
Dimensions 20 cm.
500 ## - GENERAL NOTE
General note Sel Yayıncılık : 162
Geceyarısı : 18
650 #0 - SUBJECT ADDED ENTRY--TOPICAL TERM
Topical term or geographic name entry element Türk Edebiyatı
9 (RLIN) 145
650 #0 - SUBJECT ADDED ENTRY--TOPICAL TERM
Topical term or geographic name entry element Turkish essays.
700 1# - ADDED ENTRY--PERSONAL NAME
Personal name Batur, Enis.
Relator code aut
700 1# - ADDED ENTRY--PERSONAL NAME
Personal name Şentürk, Levent.
Relator code aut
700 1# - ADDED ENTRY--PERSONAL NAME
Personal name Yılmaz, Levent.
Relator code aut
700 1# - ADDED ENTRY--PERSONAL NAME
Personal name Sağlam, Nuri.
Relator code aut
700 1# - ADDED ENTRY--PERSONAL NAME
Personal name Demiralp, Oğuz.
Relator code aut
700 1# - ADDED ENTRY--PERSONAL NAME
Personal name Özpalabıyıklar, Selehattin.
Relator code aut
700 1# - ADDED ENTRY--PERSONAL NAME
Personal name Dikel, Nahide.
Relator code cov
942 ## - ADDED ENTRY ELEMENTS (KOHA)
Source of classification or shelving scheme
Koha item type Books
264 #1 - PRODUCTION, PUBLICATION, DISTRIBUTION, MANUFACTURE, AND COPYRIGHT NOTICE
Place of production, publication, distribution, manufacture İstanbul :
Name of producer, publisher, distributor, manufacturer Sel Yayıncılık,
Date of production, publication, distribution, manufacture, or copyright notice 2002, é2002.
264 #4 - PRODUCTION, PUBLICATION, DISTRIBUTION, MANUFACTURE, AND COPYRIGHT NOTICE
Date of production, publication, distribution, manufacture, or copyright notice é2002
336 ## - CONTENT TYPE
Content type term text
Source rdacontent
337 ## - MEDIA TYPE
Media type term unmediated
Source rdamedia
338 ## - CARRIER TYPE
Carrier type term volume
Source rdacarrier
490 1# - SERIES STATEMENT
Series statement Sel Yayıncılık: 162. Geceyarısı: 18
Holdings
Withdrawn status Lost status Source of classification or shelving scheme Damaged status Not for loan Permanent Location Current Location Shelving location Date acquired Full call number Barcode Date last seen Price effective from Koha item type
        Ödünç verilemez İmren Ahmet Tüzün Kütüphanesi İmren Ahmet Tüzün Kütüphanesi Ahmet Tüzün 2018-12-26 PL248.E35765 100100002821 2018-12-26 2018-12-26 Books

This software was implemented, installed and managed by Devinim Software Training Consulting .